00465nam a2200145Ia 4500003000400000008004100004040001600045082001800061100003300079245006700112260006100179490000500240650003800245650003600283GCL140319s9999 xx 000 0 ara d aGCL / cGCL04a347.07bع د1 aعصمت سيف الدولة10aدفاع عن ثورة مصر / cعصمت سيف الدولة a[S.N] : bدار المستقبل العربى ، c1990 a04aالجرائم السياسية04aالجرائم الدولية